| 000 | 00515nam a22001695i 4500 | ||
|---|---|---|---|
| 001 | 102844 | ||
| 003 | ES-MaACL | ||
| 005 | 20230906183210.0 | ||
| 007 | t| | ||
| 008 | 950926s1880 fr ||||1| fre d | ||
| 040 |
_aCAM _bspa _cCAM |
||
| 100 | 1 |
_aEspinas, Alfred. _947849 |
|
| 245 | 1 | 3 |
_aLa philosophie expérimentale en Italie _b: origines: état actuel / _cpar Alfred Espinas. |
| 260 |
_aParis : _bLibraire Germer Bailliére et Cie., _c1880. |
||
| 300 |
_a187, [1] p. ; _c18 cm. |
||
| 852 |
_aES-MaACL _jF-12004 |
||
| 999 |
_c102844 _d102844 |
||